书目信息 |
| 题名: |
雅凯自传
|
|
| 作者: | 雅凯 , 胡燕 著 | |
| 分册: | ||
| 出版信息: | 北京 当代世界出版社 1999.10 |
|
| 页数: | 323页 | |
| 开本: | 32开 | |
| 丛书名: | ||
| 单 册: | ||
| 中图分类: | K835.655.4 | |
| 科图分类: | ||
| 主题词: | 历史 , 地理 | |
| 电子资源: | ||
| ISBN: | 7-80115-252-2 | |
| 000 | 00610nam0 2200217 45 | |
| 001 | 0010271609 | |
| 005 | 20001027162306.0 | |
| 010 | @a7-80115-252-2@d25.00元 | |
| 100 | @a20001027d1999 km y0chiy0120 ea | |
| 101 | 0 | @achi |
| 105 | @a z 000yy | |
| 200 | 1 | @a雅凯自传@AYa Kai Zi Zhuan@f(法)雅凯著;廖淑涵,胡燕译@F(Fa)Ya Kai Zhu;Liao Shu Han,Hu Yan Yi |
| 210 | @a北京@c当代世界出版社@d1999.10 | |
| 215 | @a323页@d32开 | |
| 606 | 0 | @a历史 |
| 606 | 0 | @a地理 |
| 690 | @aK835.655.4@v3 | |
| 701 | 0 | @a雅凯@4著 |
| 701 | 0 | @a胡燕@4译 |
| 801 | @aCN@bPftUser@c20001027 | |
| 905 | @b192644-646@dK835.655.4@eY.088@f3 | |
| 雅凯自传/(法)雅凯著;廖淑涵,胡燕译.-北京:当代世界出版社,1999.10 |
| 323页;32开 |
| ISBN 7-80115-252-2:25.00元 |
| ● |
| 相关链接 |
|
|
|
正题名:雅凯自传
索取号:K835.655.4/Y.088
 
预约/预借
| 序号 | 登录号 | 条形码 | 馆藏地/架位号 | 状态 | 备注 |
| 1 | 192644 | 201926443 | 自科二线404/400A自科库 14排2列3层/ [索取号:K835.655.4/Y.088] | 在馆 | |
| 2 | 192645 | 201926452 | 社科库309/309社科库 1排3列6层/ [索取号:K835.655.4/Y.088] | 在馆 | |
| 3 | 192646 | 201926461 | 自科二线404/400A自科库 14排2列3层/ [索取号:K835.655.4/Y.088] | 在馆 |